Technology of Education/ (Record no. 171659)

MARC details
000 -LEADER
fixed length control field 00645nam a2200193 4500
005 - DATE AND TIME OF LATEST TRANSACTION
control field 20200203161259.0
010 ## - LCCN (DPL NO)
LC control number ENG-127448
020 ## - INTERNATIONAL STANDARD BOOK NUMBER
International Standard Book Number 9789382730613
Terms of availability 1395.00
035 ## - SYSTEM CONTROL NUMBER
System control number EN-110980
037 ## - SOURCE OF ACQUISITION
Source of stock number/acquisition DBAD/PUB
082 ## - DEWEY DECIMAL CLASSIFICATION NUMBER
Classification number 371.33
100 ## - MAIN ENTRY--PERSONAL NAME
Personal name Tambe,Shashikant L
245 ## - TITLE STATEMENT
Title Technology of Education/
Statement of responsibility, etc by Shashikant L Tambe
260 ## - PUBLICATION, DISTRIBUTION, ETC. (IMPRINT)
Place of publication, distribution, etc Kanpur
Name of publisher, distributor, etc Garima Prakashan
Date of publication, distribution, etc 2018
270 ## - ADDRESS
Address 1st floor,.Mayur Park,Basant Vihar Naubasta, Kanpur-21
City Kanpur
Postal code 208021
Electronic mail address garima.prakashan@gmail.com
300 ## - PHYSICAL DESCRIPTION
Extent Viiii;328p.
Dimensions 23cm(hb)
500 ## - GENERAL NOTE
General note includes bibliographical references and index
942 ## - ADDED ENTRY ELEMENTS (KOHA)
Source of classification or shelving scheme Dewey Decimal Classification
Item type English Books
Classification part 371.33
Call number suffix TAM
Holdings
Withdrawn status Lost status Not for loan Collection code Home library Current library Date acquired Source of acquisition Cost, normal purchase price Full call number Barcode Copy number Cost, replacement price Koha item type
      Non-fiction Shahdara Branch Shahdara Branch 17/01/2020 DBAD/PUB 1395.00 371.33 TAM EN-110980 1 1395.00 English Books

© Delhi Public Library
Hit Counter
free hit counter